00598 2200193 4500001002100000005001700021008004100038035002400079090002400103100002000127245007800147260002800225300003300253500005100286650003700337850000900374985000600383999001500389YOGYA-0209000007162520090227093549.0 ind  0010-020900000071625 a915.9823bRij TlSK aWIJAYANTI, Vera aTinjauan peran serta masyarakat dalam pengendalian dampak lingkungan oleh aYogyakartab[s.n]c1995 aviii,103 lembarbilusc30 cm aSkripsi Universitas gadjah mada Fakultas Hukum aIndustri pariwisata - Yogyakarta aBPAD a1 a08A0035568